Conferences and conventions : (Record no. 52450)

MARC details
000 -LEADER
fixed length control field 00696nam a2200265Ia 4500
005 - DATE AND TIME OF LATEST TRANSACTION
control field 20260429112122.0
008 - FIXED-LENGTH DATA ELEMENTS--GENERAL INFORMATION
fixed length control field 260429s9999||||xx |||||||||||||| ||und||
020 ## - INTERNATIONAL STANDARD BOOK NUMBER
International Standard Book Number 9781032940342
041 ## - LANGUAGE CODE
Language English
082 ## - DEWEY DECIMAL CLASSIFICATION NUMBER
Classification number 060
Item number ROG
100 ## - MAIN ENTRY--PERSONAL NAME
Personal name Rogers, Tony
245 #0 - TITLE STATEMENT
Title Conferences and conventions :
Remainder of title a global industry /
Statement of responsibility, etc Tony Rogers
250 ## - EDITION STATEMENT
Edition statement 4th ed.
260 ## - PUBLICATION, DISTRIBUTION, ETC. (IMPRINT)
Place of publication, distribution, etc London :
Name of publisher, distributor, etc Routledge,
Date of publication, distribution, etc 2025.
300 ## - PHYSICAL DESCRIPTION
Extent xviii, 359 p.; pbk
440 ## - SERIES STATEMENT/ADDED ENTRY--TITLE
Title Events management
650 ## - SUBJECT ADDED ENTRY--TOPICAL TERM
Topical term or geographic name as entry element Conventions
650 ## - SUBJECT ADDED ENTRY--TOPICAL TERM
Topical term or geographic name as entry element Industry
650 ## - SUBJECT ADDED ENTRY--TOPICAL TERM
Topical term or geographic name as entry element Conferences
700 ## - ADDED ENTRY--PERSONAL NAME
Personal name Getz, Donald
700 ## - ADDED ENTRY--PERSONAL NAME
Personal name Lashley, Conrad
700 ## - ADDED ENTRY--PERSONAL NAME
Personal name Wynn-Moylan, Peter
700 ## - ADDED ENTRY--PERSONAL NAME
Personal name Bowdin, Glenn
942 ## - ADDED ENTRY ELEMENTS (KOHA)
Koha item type Text Books
Holdings
Withdrawn status Lost status Damaged status Not for loan Collection code Home library Location Shelving location Date of Cataloging Source of acquisition Total Checkouts Full call number Barcode Date last seen Price effective from Koha item type
        Non-fiction CUTN Central Library CUTN Central Library Generalia 29/04/2026 TBH Library Book Suppliers, Chennai - Invoice No. SINV00732 on 09-02-2026   060 ROG 57531 29/04/2026 29/04/2026 Text Books